Methane emissions from major rice ecosystems in Asia / (Record no. 14947)

000 -LEADER
fixed length control field 00713cam a22002297a 4500
020 ## - INTERNATIONAL STANDARD BOOK NUMBER
ISBN 0792367596
040 ## - CATALOGING SOURCE
Transcribing agency UKM
082 00 - DEWEY DECIMAL CLASSIFICATION NUMBER
Classification number 363 KLU 2000 A068 Or.
245 00 - TITLE STATEMENT
Title Methane emissions from major rice ecosystems in Asia /
260 ## - PUBLICATION, DISTRIBUTION, ETC. (IMPRINT)
Place of publication Dordrecht ;
-- London :
Name of publisher Kluwer Academic,
Year of publication c2000.
300 ## - PHYSICAL DESCRIPTION
Number of Pages xi, 394 p. :
Other physical details ill., maps ;
Dimensions 27 cm.
500 ## - GENERAL NOTE
General note Reprinted from Nutrient cycling in agroecosystems. Vol. 58, nos. 1-3 (2000).
650 #0 - SUBJECT ADDED ENTRY--TOPICAL TERM
Topical Term Rice
650 #0 - SUBJECT ADDED ENTRY--TOPICAL TERM
Topical Term Greenhouse gases.
650 #0 - SUBJECT ADDED ENTRY--TOPICAL TERM
Topical Term Methane
650 #0 - SUBJECT ADDED ENTRY--TOPICAL TERM
Topical Term Rice
700 1# - ADDED ENTRY--PERSONAL NAME
Personal name Neue, H.-U.
700 1# - ADDED ENTRY--PERSONAL NAME
Personal name Lantin, Rhoda S.
700 1# - ADDED ENTRY--PERSONAL NAME
Personal name Wassmann, Reiner.
856 42 - ELECTRONIC LOCATION AND ACCESS
Uniform Resource Identifier http://www.loc.gov/catdir/enhancements/fy0813/2001269633-d.html
942 ## - ADDED ENTRY ELEMENTS (KOHA)
Koha item type សៀវភៅភាសាអង់គ្លេស
952 ## - LOCATION AND ITEM INFORMATION (KOHA)
Withdrawn status [LOCAL, KOHA] 0
Holdings
Permanent Location Date acquired Koha item type Lost status Shelving location Barcode Current Location Full call number
Library Block A2017-11-01សៀវភៅភាសាអង់គ្លេស A068A21948Library Block A363 KLU 2000 A068 Or.
មជ្ឈមណ្ឌលឯការនៃសាកលវិទ្យាល័យភូមិន្ទកសិកម្មចំការដូង

Powered by Koha